| 000 | 00578nam a2200181Ia 4500 | ||
|---|---|---|---|
| 003 | OSt | ||
| 005 | 20200618122445.0 | ||
| 008 | 190216s9999||||xx |||||||||||||| ||und|| | ||
| 020 | _a9788178240497 | ||
| 040 | _coclc | ||
| 082 |
_a954.0072 _bCHA/S |
||
| 100 |
_aChattopadhyaya, Brajadulal _93046 |
||
| 245 | 0 |
_aStudying Early India : _bArchaeology, Texts And Historical Issues / _cBrajadulal Chattopadhyaya |
|
| 260 |
_bPermanent Black Pub, _c2003. _aDelhi: |
||
| 300 | _a283p | ||
| 650 | _aHistory | ||
| 942 |
_cBK _2ddc _h954.0072 _iCHA/S _k954.0072 _mCHA/S |
||
| 999 |
_c20910 _d20910 |
||